Normal view
MARC view
Entry Personal Name
001 - CONTROL NUMBER
- control field: 1207638
003 - CONTROL NUMBER IDENTIFIER
- control field: OSt
005 - DATE AND TIME OF LATEST TRANSACTION
- control field: 20260324141305.0
008 - FIXED-LENGTH DATA ELEMENTS
- fixed length control field: 260324|| aca||aabn | a|a d
040 ## - CATALOGING SOURCE
- Original cataloging agency: OSt
- Transcribing agency: OSt
100 ## - HEADING--PERSONAL NAME
- Personal name: T. Johansen; R Murray-Smith
670 ## - SOURCE DATA FOUND
- Source citation: Work cat.: (OSt)1810567: T. Johansen; R Murray-Smith, Multiple Model Approaches To Nonlinear Modelling And Control
